[Event "Targu Mures op 3rd"]
[Site "Targu Mures"]
[Date "2022.06.07"]
[Round "4"]
[White "Sandor, Levente"]
[Black "Ghita, Vlad Bogdan"]
[Result "0-1"]
[WhiteElo "1442"]
[BlackElo "1901"]
[PlyCount "46"]
[EventDate "2022.06.05"]
[EventType "swiss"]
[EventRounds "9"]
[EventCountry "ROU"]
[SourceTitle "EXT 2024"]
[Source "ChessBase"]
[SourceDate "2023.10.10"]
[SourceVersion "1"]
[SourceVersionDate "2023.10.10"]
[SourceQuality "1"]

1. e4 g6 2. d4 Bg7 3. Nf3 d6 4. Nc3 a6 5. Be3 b5 6. Bd3 Bb7 7. Ne2 Nf6 8. Ng3 Nbd7 9. h3 Rc8 10. 0-0 0-0 11. Qd2 c5 12. d5 c4 13. Be2 Nc5 14. Bxc5 Rxc5 15. c3 Re8 16. Qc2 e6 17. dxe6 Rxe6 18. Nd2 Qb6 19. Bf3 Rg5 20. Ne2 d5 21. Nf4 dxe4 22. Nxe6 Qxe6 23. h4 exf3 0-1

[Event "World Amateur-ch"]
[Site "Iasi"]
[Date "2013.04.22"]
[Round "1"]
[White "Martian, Fanase"]
[Black "Sandor, Levente"]
[Result "1-0"]
[WhiteElo "1951"]
[BlackElo "1701"]
[PlyCount "49"]
[EventDate "2013.04.22"]
[EventType "swiss"]
[EventRounds "9"]
[EventCountry "ROU"]
[SourceTitle "CBM 154 Extra"]
[Source "ChessBase"]
[SourceDate "2013.06.25"]
[SourceVersion "2"]
[SourceVersionDate "2013.06.25"]
[SourceQuality "1"]

1. e4 c5 2. Nf3 e6 3. d4 cxd4 4. Nxd4 Nc6 5. Be2 Nf6 6. Nc3 Bb4 7. 0-0 Bxc3 8. bxc3 Nxe4 9. Bd3 Nxc3 10. Qg4 Qf6 11. Nxc6 bxc6 12. Bg5 Qe5 13. Rfe1 Qd6 14. Bd2 Nd5 15. Qxg7 Qf8 16. Qe5 d6 17. Qh5 Nf6 18. Qf3 Nd5 19. c4 Ne7 20. Bg5 Kd7 21. Bf6 Ng6 22. Bxg6 hxg6 23. Bxh8 Qxh8 24. Qxf7+ Kd8 25. Rad1 1-0